How well do you know Dexter Morgan? - Statistics

General Stats
  • This quiz has been taken 54 times
  • The average score is 8 of 12
Answer Stats
Hint Answer % Correct
What's his serial killer name? The Bay Harbor Butcher
91%
What year was he born? 1971
84%
And how many made an arrest? 2
84%
What is his boat called? Slice of Life
82%
How many police Personnel attempt to arrest catch him at some point? 4
75%
Who is his "Best friend"? Angel Batista
70%
Some people at the station call him "The ___ Guy" Donut
66%
While Dexter simply refers to himself as "The ___ Guy" Blood
57%
What is his big hobby? Bowling
48%
What Identity does he use to get his supply of M-99? Patrick Bateman
45%
What was it called before he owned it? Slice of Pie
34%
And from whom did he get it originally? Camilla Figg
25%
No matching quizzes found
Score Distribution
Percent of People with Each Score
Percentile by Number Answered
Your Score History
You have not taken this quiz